000
00307pab a2200133 454500
008
180718b82-3 xxu||||| |||| 00| 0 eng d
245
_a
Reflections on reform - CSRA 1978
260
_c
82-3
300
_a
6-37
362
_a
Winter
650
_a
Civil Service - U.S.A.
773
_a
Bureaucrat
909
_a
5862
999
_c
5862
_d
5862